| 000 | 00480nam a2200169 a 4500 | ||
|---|---|---|---|
| 001 | 000033891 | ||
| 005 | 20200930070613.0 | ||
| 008 | 110914s2006 ht r 000 0 spa d | ||
| 020 | _a9789993534174 | ||
| 040 |
_aDO-SdBNP _bspa _cBNPHU |
||
| 082 |
_axxxx _bxxxx |
||
| 100 | 1 |
_aThoby Marcelin, Philippe _959327 |
|
| 245 | 1 | 0 |
_aÁ fonds perdu / _cPhilippe Thoby Marcelin. |
| 260 |
_aSanto Domingo : _bMémoire, _c2006. |
||
| 300 |
_a44 p. ; _c23 cm. |
||
| 590 | _aInventariado, 2019/BT | ||
| 999 |
_c33382 _d33382 |
||